Teoría de la luminosidad de los rayos canales / (Record no. 113385)

MARC details
000 -LEADER
campo de control de longitud fija 00637nam a2200193 i 4500
001 - NÚMERO DE CONTROL
campo de control 113385
003 - IDENTIFICADOR DE NÚMERO DE CONTROL
campo de control ES-MaACL
005 - FECHA Y HORA DE LA ÚLTIMA TRANSACCIÓN
campo de control 20250910063114.0
007 - CAMPO FIJO DE DESCRIPCIÓN FÍSICA--INFORMACIÓN GENERAL
campo de control de longitud fija t|
008 - DATOS DE LONGITUD FIJA--INFORMACIÓN GENERAL
campo de control de longitud fija 061121s1925 sp a 00010 spa d
100 1# - ENTRADA PRINCIPAL--NOMBRE DE PERSONA
Nombre de persona Palacios, Julio,
Fechas asociadas al nombre 1891-1970
9 (RLIN) 88408
245 10 - MENCIÓN DEL TÍTULO
Título Teoría de la luminosidad de los rayos canales /
Mención de responsabilidad, etc. por J. Palacios.
260 ## - PUBLICACIÓN, DISTRIBUCIÓN, ETC.
Lugar de publicación, distribución, etc. Madrid :
Nombre del editor, distribuidor, etc. [s. n.],
Fecha de publicación, distribución, etc. 1925.
300 ## - DESCRIPCIÓN FÍSICA
Extensión 10 h. :
Otras características físicas il. ;
Dimensiones 22 cm.
595 ## -
-- Tirada aparte de: Anales de la Sociedad Española de Física y Química, t. XXIII, p. 447-495
650 #4 - PUNTO DE ACCESO ADICIONAL DE MATERIA--TÉRMINO DE MATERIA
Término de materia o nombre geográfico como elemento de entrada Rayos canal.
9 (RLIN) 160865
852 4# - LOCALIZACIÓN
Ubicación ES-MaACL
Número de control de estantería 1691-F-22
Holdings
Estatus retirado Estado de pérdida Estado de daño No para préstamo Colección Biblioteca de origen Biblioteca actual Ubicación en estantería Fecha de adquisición Fuente de adquisición Total de préstamos Signatura topográfica completa Código de barras Visto por última vez Precio de reemplazo Tipo de ítem Koha
        Colección de folletos Biblioteca del Ateneo de Madrid Biblioteca del Ateneo de Madrid Depósito folletos 17/01/2008     1691-F-22 1118260 23/02/2023 23/02/2023 Folleto